| 000 | 00559nam a22001937a 4500 | ||
|---|---|---|---|
| 003 | OSt | ||
| 005 | 20200212101659.0 | ||
| 008 | 191204b xxu||||| |||| 00| 0 fre d | ||
| 040 | _aLB-BrCRDP | ||
| 082 | _aR 443 M433d | ||
| 100 | _aGeorges Matoré | ||
| 245 | _aDictionnaire du vocabulaire essentiel; les 5.000 mots fondamentaux. | ||
| 260 |
_aParis, _b Larousse _c[©1963] |
||
| 300 |
_a359 p _c18 cm |
||
| 630 | _a French language -- Dictionaries. | ||
| 630 | _a Français (Langue) -- Dictionnaires. | ||
| 630 | _aFrench language. | ||
| 942 |
_2ddc _cBK |
||
| 999 |
_c23521 _d23521 |
||